000 00480nam a2200193Ia 4500
003 GCL
008 140319s9999 xx 000 0 eng d
040 _aGCL /
_cGCL
082 0 4 _aCH
_b823
_bP H
100 1 _aHUERTAS, FRANCOIS
245 1 0 _aPINOCCHIO /
_cHUERTAS, FRANCOIS
700 1 _aHENOCA, ELIENNE
260 _a[S.N] :
_bWALT DISNEY COMPANY ،
_c1992
300 _a45 P
650 0 4 _aCHILDREN
650 0 4 _aFICTION
650 0 4 _aCHILDREN - FICTION
942 _2ddc
_cBK
999 _c14391
_d14391